Latin Mammal Names #1 - Statistics

General Stats
  • This quiz has been taken 50 times
  • The average score is 5 of 10
Answer Stats
Latin Name Answer % Correct
Panthera leo Lion
98%
Canis familiaris Dog
95%
Equus quagga Zebra (plains)
75%
Panthera pardus Leopard
68%
Loxodonta africana Elephant (african)
55%
Balaenoptera musculus Blue Whale
30%
Pan troglodytes Chimpanzee
30%
Alces alces Moose
30%
Acinonyx jubatus Cheetah
23%
Procyon lotor Raccoon
23%
No matching quizzes found
Score Distribution
Percent of People with Each Score
Percentile by Number Answered
Your Score History
You have not taken this quiz